Statistics for Small Countries with Large Economies

Click here to take the quiz!

General Stats

  • This quiz has been taken 14,141 times
    (13,996 since last reset)
  • The average score is 14 of 20

Answer Stats

Rank
difference
Country % Correct
140Singapore
91%
66Luxembourg
87%
102Netherlands
81%
99Belgium
81%
92Switzerland
81%
108Qatar
80%
80United Arab Emirates
79%
71Ireland
77%
73Denmark
76%
95Kuwait
73%
112Taiwan
73%
69United Kingdom
72%
76Bahrain
72%
95South Korea
72%
68Austria
71%
98Israel
66%
69Czech Republic
47%
62Lebanon
41%
62Bangladesh
26%
63Dominican Republic
17%

Score Distribution

Percentile by Number Answered

Percent of People with Each Score

Your Score History

You have not taken this quiz since the last reset